Statistics for US Cities That Start With S

Click here to take the quiz!

General Stats

  • This quiz has been taken 95 times
    (69 since last reset)
  • The average score is 9 of 14

Answer Stats

Population City % Correct
870,887San Francisco
98%
1,406,630San Diego
94%
1,492,510San Antonio
92%
704,352Seattle
84%
1,025,350San Jose
80%
495,234Sacramento
80%
311,404St. Louis
76%
302,398Saint Paul
69%
334,217Santa Ana
59%
260,999St. Petersburg
53%
216,239San Bernardino
53%
215,973Spokane
41%
307,072Stockton
33%
246,645Scottsdale
22%

Score Distribution

Percentile by Number Answered

Percent of People with Each Score

Your Score History

You have not taken this quiz since the last reset